00587nam a22001577a 4500003000400000082001800004100001700022245016400039260004400203300000700247650001900254653001900273942001200292952010800304999001700412SGT a617.632bE23T aTomar, Megha aEvaluation and comparison of short dental implants versus conventional dental implants for their stability and crestal bone lossbA Clinico- Radiographic study aGurugram, HaryanabSGT Universityc2023 a87 aPeriodontology aPeriodontology 2ddccTH 00102ddc405171aFDbFDd2023-01-25iSGTUo617.632 E23TpDT1486r2023-01-25 00:00:00w2023-01-25yTH c23729d23729